000 00289nam a22001337a 4500
008 170419b xxu||||| |||| 00| 0 eng d
020 _a9789280811148
041 _aeng
080 _a573
100 _a1
101 _aSHM
245 _aMEDICAL BIOTECHNOLOGY
_cSASSON, A
942 _2udc
_cBK
999 _c11158
_d11158